Sports Quiz

Random Sports or Soccer Quiz

Paint the World Cup 2018 Quiz Stats

 Plays Quiz Updated Jul 9, 2018

Score 0/32 Timer 05:00
16 Plays Today
% Correct
šŸ‡§šŸ‡·
95.2%
Eā€‰N<
94.8%
šŸ‡«šŸ‡·
94.6%
šŸ‡ŖšŸ‡ø
93.8%
šŸ‡¦šŸ‡·
93.8%
šŸ‡·šŸ‡ŗ
93.5%
šŸ‡©šŸ‡Ŗ
92.9%
šŸ‡µšŸ‡¹
91.3%
šŸ‡ÆšŸ‡µ
90.8%
šŸ‡²šŸ‡½
89.1%
šŸ‡øšŸ‡Ŗ
89.1%
šŸ‡§šŸ‡Ŗ
86.4%
šŸ‡ŗšŸ‡¾
85.8%
šŸ‡ŖšŸ‡¬
85.5%
šŸ‡°šŸ‡·
85.3%
šŸ‡¦šŸ‡ŗ
84.4%
% Correct
šŸ‡­šŸ‡·
83.7%
šŸ‡ØšŸ‡“
83.2%
šŸ‡µšŸ‡¦
82.1%
šŸ‡©šŸ‡°
82%
šŸ‡µšŸ‡Ŗ
81.9%
šŸ‡³šŸ‡¬
81.3%
šŸ‡ØšŸ‡­
77.4%
šŸ‡µšŸ‡±
76.9%
šŸ‡®šŸ‡ø
76.7%
šŸ‡®šŸ‡·
76.6%
šŸ‡ØšŸ‡·
74.4%
šŸ‡øšŸ‡¦
74.3%
šŸ‡øšŸ‡³
73.2%
šŸ‡²šŸ‡¦
72.2%
šŸ‡¹šŸ‡³
69.3%
šŸ‡·šŸ‡ø
67.6%

You're not logged in!

Compare scores with friends on all Sporcle quizzes.
Join for Free
OR
Log In

You Might Also Like...

Show Comments

Extras

Top Quizzes Today


Score Distribution

Your Account Isn't Verified!

In order to create a playlist on Sporcle, you need to verify the email address you used during registration. Go to your Sporcle Settings to finish the process.

Report this User

Report this user for behavior that violates our Community Guidelines.

Details: